[Event "29th CRO-chT Junior 2020"]
[Site "Cakovec"]
[Date "2020.07.15"]
[Round "3.12"]
[White "Kresic, Vid"]
[Black "Cecic-Sule, Dino"]
[Result "0-1"]
[WhiteElo "1216"]
[BlackElo "1695"]
[Annotator "NA RC"]
[PlyCount "82"]
[EventDate "2020.07.14"]
[EventType "team-tourn"]
[EventCountry "CRO"]
[SourceTitle "playchess.com"]
[Source "ChessBase"]
[SourceQuality "1"]
[TimeControl "5400+30"]

1. d4 {[%emt 0:00:30]} d5 {[%emt 0:01:30]} 2. Nf3 {[%emt 0:00:30]} Nf6 {[%emt 0:00:30]} 3. Bf4 {[%emt 0:00:30]} c5 {[%emt 0:00:00]} 4. e3 {[%emt 0:00:30]} Nc6 {[%emt 0:00:00]} 5. Nbd2 {[%emt 0:00:30]} Qb6 {[%emt 0:00:30]} 6. Qc1 {[%emt 0:01:30]} cxd4 {[%emt 0:00:30]} 7. exd4 {[%emt 0:00:30]} Nxd4 {[%emt 0:01:30]} 8. Be3 {[%emt 0:04:30]} Nxf3+ {[%emt 0:00:30]} 9. Nxf3 {[%emt 0:00:30]} Qc7 {[%emt 0:00:30]} 10. Bb5+ {[%emt 0:01:30]} Bd7 {[%emt 0:00:00]} 11. Bxd7+ {[%emt 0:00:30]} Nxd7 {[%emt 0:00:00]} 12. O-O {[%emt 0:00:30]} e6 {[%emt 0:00:30]} 13. c3 {[%emt 0:00:30]} Be7 {[%emt 0:00:30]} 14. Qd2 {[%emt 0:01:30]} O-O {[%emt 0:00:00]} 15. Rfe1 {[%emt 0:00:00]} Nf6 {[%emt 0:01:00]} 16. Bd4 {[%emt 0:01:00]} Ne4 {[%emt 0:00:30]} 17. Qc2 {[%emt 0:01:30]} Bc5 {[%emt 0:01:30]} 18. Be3 {[%emt 0:03:30]} Bxe3 {[%emt 0:00:30]} 19. Rxe3 {[%emt 0:00:30]} b5 {[%emt 0:00:30]} 20. Nd2 {[%emt 0:01:30]} f5 {[%emt 0:01:30]} 21. Nxe4 {[%emt 0:01:30]} fxe4 {[%emt 0:00:30]} 22. a4 {[%emt 0:00:30]} b4 {[%emt 0:00:30]} 23. Rc1 {[%emt 0:01:30]} Rac8 {[%emt 0:01:30]} 24. h3 {[%emt 0:00:30]} Qf4 {[%emt 0:01:30]} 25. Qd2 {[%emt 0:05:30]} a5 {[%emt 0:01:30]} 26. Re2 {[%emt 0:02:30]} Qxd2 {[%emt 0:00:30]} 27. Rxd2 {[%emt 0:00:00]} Rc4 {[%emt 0:00:30]} 28. Rd4 {[%emt 0:00:00]} Rfc8 {[%emt 0:00:00]} 29. Rxc4 {[%emt 0:01:30]} Rxc4 {[%emt 0:00:00]} 30. Kf1 {[%emt 0:02:30]} bxc3 {[%emt 0:00:30]} 31. Rxc3 {[%emt 0:01:30]} Rxa4 {[%emt 0:00:00]} 32. Rc6 {[%emt 0:00:00]} Kf7 {[%emt 0:00:00]} 33. Rc7+ {[%emt 0:01:00]} Kf6 {[%emt 0:00:00]} 34. g4 {[%emt 0:00:30]} h6 {[%emt 0:01:00]} 35. Rb7 {[%emt 0:00:30]} Rb4 {[%emt 0:00:00]} 36. Rxb4 {[%emt 0:00:30]} axb4 {[%emt 0:00:00]} 37. Ke2 {[%emt 0:00:30]} Ke5 {[%emt 0:00:30]} 38. Kd2 {[%emt 0:00:30]} Kf4 {[%emt 0:00:30]} 39. Ke2 {[%emt 0:01:30]} d4 {[%emt 0:00:00]} 40. Kd2 {[%emt 0:00:30]} Kf3 {[%emt 0:00:00]} 41. Ke1 {[%emt 0:00:30]} b3 {[%emt 0:00:30]} 0-1

[Event "29th CRO-chT Junior 2020"]
[Site "Cakovec"]
[Date "2020.07.15"]
[Round "3.13"]
[White "Karlusic, Luka"]
[Black "Karlovcec, David"]
[Result "1-0"]
[WhiteElo "2169"]
[BlackElo "1655"]
[Annotator "TA"]
[PlyCount "71"]
[EventDate "2020.07.14"]
[EventType "team-tourn"]
[EventCountry "CRO"]
[SourceTitle "playchess.com"]
[Source "ChessBase"]
[SourceQuality "1"]

{[%evp 9,71,4,29,21,18,23,29,15,7,12,14,7,31,34,101,43,92,22,120,97,114,45,31,37,54,43,152,164,187,187,324,305,314,313,291,302,310,301,336,318,460,458,457,450,445,273,494,494,485,485,609,605,570,433,426,431,426,428,417,419,818,813,1056,1018]} 1. d4 d5 2. Nc3 Bf5 3. Bf4 Nf6 4. e3 e6 5. f3 Bb4 6. g4 {D00: 1 d4 d5: Unusual lines.} Bg6 7. h4 {Black must now prevent h5.} h5 8. g5 {White has an edge.} Nfd7 9. Bd3 Bxd3 10. Qxd3 Nc6 11. O-O-O Bd6 {[#]} (11... Nf8 $14) 12. g6 $146 (12. Bxd6 $1 $16 {And now Ba3 would win.} cxd6 13. Nh3) ({Predecessor:} 12. Nge2 Ne7 13. e4 Bxf4+ 14. Nxf4 c6 15. g6 Nxg6 16. Nxg6 fxg6 17. exd5 exd5 18. Qxg6+ {1-0 (55) Rebhan,G (1945)-Laustsen,K (1746) Schney 2020}) 12... f6 13. Nh3 ({Better is} 13. Bxd6 $16 {Bg3 is the strong threat.} cxd6 14. Nge2) 13... Qe7 {[#]} (13... Bb4 $1 $11) 14. Bxd6 $1 $16 cxd6 15. e4 (15. Nf4 $16) 15... dxe4 $14 16. fxe4 O-O-O 17. Nf4 Nb6 {White now steadily converts the win.} ({Black should try} 17... Kb8 $14) 18. Qh3 $16 Kb8 19. Qxe6 d5 (19... Rde8 $142 20. Qf5 Qd7) 20. exd5 Nxd5 21. Ncxd5 Qxe6 22. Nxe6 Rxd5 23. Nxg7 Rg8 24. Ne6 Rd6 (24... Nd8 {keeps fighting.}) 25. Nf4 $18 Rxd4 26. Rxd4 Nxd4 {[%mdl 4096] Endgame KRN-KRN} 27. Kd2 Nf3+ $2 (27... Nf5 28. c4 a6) 28. Ke3 Ne5 29. Rg1 Kc8 30. Ke4 Kd7 31. Kf5 Nf3 32. Rd1+ Kc6 33. Ke6 Nxh4 34. Kf7 Rh8 (34... Nxg6 $142 35. Nxg6 Ra8 36. Kxf6 Re8 37. Ne5+ Kb6 38. Rd6+ Kc5) 35. g7 Rh7 36. Kf8 {Accuracy: White = 71%, Black = 35%.} 1-0

[Event "29th CRO-chT Junior 2020"]
[Site "Cakovec"]
[Date "2020.07.15"]
[Round "3.14"]
[White "Vidovic, Dominik"]
[Black "Cigrovski, Jakov"]
[Result "0-1"]
[WhiteElo "1484"]
[BlackElo "2010"]
[Annotator "TA"]
[PlyCount "50"]
[EventDate "2020.07.14"]
[EventType "team-tourn"]
[EventCountry "CRO"]
[SourceTitle "playchess.com"]
[Source "ChessBase"]
[SourceQuality "1"]

{[%evp 14,50,37,39,60,31,88,84,82,37,39,0,0,0,0,-53,-67,-94,0,-38,-11,-11,-10,-89,-78,-147,-115,-173,-196,-175,-177,-203,-159,-380,-373,-435,-500,-1634,-1573]} 1. d4 Nf6 2. c4 g6 3. Nc3 Bg7 4. e4 d6 5. Nf3 O-O 6. Be3 Ng4 7. Bg5 h6 8. Bh4 c6 {E90: King's Indian: Classical: Early deviations and 6 h3.} 9. Qd2 Qc7 {[#]} (9... Nf6 $14) 10. h3 $146 ({Predecessor:} 10. Be2 Nf6 11. O-O Nbd7 12. Rad1 c5 13. d5 Re8 14. Bd3 Ng4 15. h3 Nge5 16. Nxe5 dxe5 {0-1 (68) Ausan,L-Schmidt,P (2023) Berlin 2002}) 10... Nf6 {White is better.} 11. g4 e5 12. dxe5 dxe5 13. O-O-O Nbd7 14. g5 (14. Kb1 $11) 14... hxg5 $15 15. Bxg5 Nh5 ({Better is} 15... b5 $17 16. Qe3 (16. cxb5 cxb5 17. Qc2 a6 $17) 16... b4) 16. Bh6 Nf4 17. Bxg7 $1 Kxg7 18. h4 (18. Ne2 $11 {keeps the balance.}) 18... Nf6 19. Be2 {[#]} (19. Qd6 $142 Qxd6 20. Rxd6) 19... b5 $1 {[%mdl 512]} 20. cxb5 (20. Ng5 $17) 20... cxb5 $19 21. Kb1 Qc5 {And now ...b4 would win.} 22. Bxb5 Rb8 {aiming for ...Bg4.} 23. Be2 $2 (23. Ng5 $17 {was called for.}) 23... Nxe2 {[%mdl 64] Overworked Piece} 24. Qxe2 Qxc3 $1 25. Rd3 {[#]} (25. Ng5 $142 Ba6 26. Qc2) 25... Rxb2+ $1 {[%mdl 576] Double Attack. Accuracy: White = 15%, Black = 58%.} 0-1

[Event "29th CRO-chT Junior 2020"]
[Site "Cakovec"]
[Date "2020.07.15"]
[Round "3.15"]
[White "Mahecic, Lovre"]
[Black "Vuk, Sebastijan"]
[Result "1-0"]
[WhiteElo "1949"]
[BlackElo "1382"]
[Annotator "TA"]
[PlyCount "73"]
[EventDate "2020.07.14"]
[EventType "team-tourn"]
[EventCountry "CRO"]
[SourceTitle "playchess.com"]
[Source "ChessBase"]
[SourceQuality "1"]

{[%evp 16,73,63,42,158,142,172,144,245,208,214,191,221,145,183,190,621,619,612,605,608,607,595,538,628,622,658,597,590,574,630,626,631,613,603,587,586,604,596,589,752,748,856,834,1108,818,756,731,967,991,985,979,928,918,1088,1060,1491,1331,29991,29992]} 1. c4 Nf6 2. d4 e5 3. dxe5 Ng4 4. Nf3 Nc6 5. Bf4 Bb4+ 6. Nc3 Qe7 7. Qd5 Bxc3+ 8. bxc3 Qa3 9. Rc1 {Hoping for h3.} Qxa2 {A52: Budapest Gambit.} (9... f6 $1 $14) 10. h3 Nh6 11. g4 {[#]} Na5 $146 (11... Ng8 $16) ({Predecessor:} 11... O-O 12. Bg2 d6 13. exd6 Re8 14. Qd3 Be6 15. Ng5 f5 16. Nxe6 Rxe6 17. Bd5 Kh8 18. Bxe6 cxd6 19. Bxh6 gxh6 20. Qxf5 {1-0 (20) Gulbis,H (1803)-Plums,U (2109) ICCF email 2010}) 12. Nd2 Ng8 13. Bg2 {And now e6 would win.} Ne7 14. Qc5 Ng6 15. Be3 b6 $2 {[#]} (15... Nc6 16. O-O b6) 16. Qxc7 $18 Bb7 17. Bxb7 Nxb7 18. Qxb7 O-O 19. O-O Rfb8 20. Qe4 Qa3 21. Nf3 Qe7 22. Rfd1 h6 23. Qd5 Re8 24. Qxd7 Nxe5 25. Qxe7 Nxf3+ 26. exf3 Rxe7 27. c5 b5 28. Rd6 a6 29. Rcd1 Ree8 30. Ra1 a5 31. Rb6 b4 32. cxb4 axb4 33. Rxa8 Rxa8 34. Rxb4 Kf8 35. Bf4 Ra1+ 36. Kg2 Rc1 37. Bxc1 {White took control after the opening. Accuracy: White = 62%, Black = 36%.} 1-0

[Event "29th CRO-chT Junior 2020"]
[Site "Cakovec"]
[Date "2020.07.15"]
[Round "3.16"]
[White "Kristofic, Dino"]
[Black "Novosel, Lovro"]
[Result "0-1"]
[WhiteElo "1290"]
[BlackElo "1719"]
[Annotator "NA RC"]
[PlyCount "42"]
[EventDate "2020.07.14"]
[EventType "team-tourn"]
[EventCountry "CRO"]
[SourceTitle "playchess.com"]
[Source "ChessBase"]
[SourceQuality "1"]
[TimeControl "5400+30"]

1. e4 {[%emt 0:00:30]} g6 {[%emt 0:00:30]} 2. Bc4 {[%emt 0:00:30]} Bg7 {[%emt 0:00:30]} 3. Nc3 {[%emt 0:00:30]} d6 {[%emt 0:01:30]} 4. Nf3 {[%emt 0:03:30]} Nf6 {[%emt 0:01:30]} 5. d3 {[%emt 0:02:30]} O-O {[%emt 0:01:30]} 6. O-O {[%emt 0:00:30]} c5 {[%emt 0:01:30]} 7. Be3 {[%emt 0:02:30]} a6 {[%emt 0:01:30]} 8. a4 {[%emt 0:01:30]} Nc6 {[%emt 0:03:30]} 9. Nd5 {[%emt 0:07:30]} Bg4 {[%emt 0:03:30]} 10. h3 {[%emt 0:01:30]} Bxf3 {[%emt 0:00:30]} 11. Qxf3 {[%emt 0:01:30]} Ne5 {[%emt 0:00:30]} 12. Qe2 {[%emt 0:03:30]} Nxc4 {[%emt 0:00:30]} 13. dxc4 {[%emt 0:00:30]} Nxe4 {[%emt 0:00:30]} 14. f3 {[%emt 0:03:30]} Ng3 {[%emt 0:00:30]} 15. Qd2 {[%emt 0:03:30]} Nxf1 {[%emt 0:00:00]} 16. Rxf1 {[%emt 0:00:00]} e6 {[%emt 0:02:00]} 17. Nc3 {[%emt 0:01:00]} Qb6 {[%emt 0:00:30]} 18. b3 {[%emt 0:00:30]} Qb4 {[%emt 0:00:30]} 19. Ne4 {[%emt 0:01:30]} Qxd2 {[%emt 0:00:30]} 20. Bxd2 {[%emt 0:00:00]} d5 {[%emt 0:00:00]} 21. Nxc5 {[%emt 0:00:00]} Bd4+ {[%emt 0:00:00]} 0-1

[Event "29th CRO-chT Junior 2020"]
[Site "Cakovec"]
[Date "2020.07.15"]
[Round "3.17"]
[White "Levacic, Matej"]
[Black "Tomulic, Teo"]
[Result "0-1"]
[WhiteElo "2040"]
[BlackElo "2359"]
[Annotator "TA"]
[PlyCount "128"]
[EventDate "2020.07.14"]
[EventType "team-tourn"]
[EventCountry "CRO"]
[SourceTitle "playchess.com"]
[Source "ChessBase"]
[SourceQuality "1"]

{[%evp 26,128,0,0,0,-25,-34,-35,160,160,162,161,156,154,223,213,209,203,219,210,233,222,229,210,205,203,233,228,199,149,155,145,266,147,166,160,132,-41,-55,-45,-56,-102,-117,-239,-143,-414,-66,-72,-72,-91,-95,-91,-94,-94,-6,-6,0,0,0,0,0,0,0,0,0,0,0,0,0,0,0,0,0,0,0,0,0,0,0,0,0,0,0,0,0,0,0,-59,-69,-12850,-12851,-12851,-12851,-12851,-29983,-12851,-12851,-12851,-12851,-12851,-29987,-12851,-29987,-12851,-27999]} 1. d4 Nf6 2. Nf3 e6 3. c4 d5 4. Nc3 c6 5. e3 Nbd7 6. Qc2 Bd6 7. Bd3 dxc4 8. Bxc4 e5 9. O-O O-O 10. Rd1 Qe7 11. h3 e4 12. Ng5 Nb6 13. Bb3 Bf5 14. f3 $1 {[%cal Rg5e4]} Rae8 {D46: Semi-Slav: 5 e3 Nbd7 6 Bd3, Black avoids the Meran.} 15. fxe4 Bg6 16. Qf2 {[#] Threatens to win with e5.} Bb8 $146 (16... h6 $15 {stays ahead.}) ({Predecessor:} 16... Nxe4 17. Ncxe4 Bxe4 18. Nxe4 Qxe4 19. Rf1 Nd5 20. Bc2 Bg3 21. Qe2 Qh4 22. Bd2 g6 {0-1 (69) Mochalin,F (2096)-Borisovsky,D (2304) St Petersburg 2017}) 17. e5 $16 Nfd5 18. Nf3 Kh8 19. Nh4 Nxc3 (19... Nb4 $16 {might work better.} 20. a3 Nd3) 20. bxc3 $18 Be4 21. a4 c5 {intending ...f6.} 22. Ba3 Nd7 23. Nf5 Qg5 24. Ng3 Bg6 25. Qf4 Qd8 26. Qf3 Qc7 27. Ne4 Nxe5 28. dxe5 Qxe5 (28... b6 $16 29. Nf2 Rxe5) 29. Nf2 ({Only move:} 29. Nxc5 $18 Bh5 30. g4) 29... Qxc3 {[#]} 30. e4 $1 (30. Qxb7 Rxe3 31. Qb5 (31. Bd5 Rfe8 $17) 31... Qxb3 $11) 30... Qe5 {aiming for ...f5.} 31. Bd5 $2 (31. Ng4 $16 Qe7 32. Qc3) 31... f5 $15 32. Bxc5 fxe4 33. Qxf8+ (33. Ng4 $1 $15 exf3 34. Nxe5 Bxe5 35. Bxf8 Bxa1 36. Rxa1 Rxf8 37. Bxf3) 33... Rxf8 $17 34. Ng4 (34. Bxf8 $17 Bh5 35. Bc5 (35. Bxb7 $2 e3 $19) (35. Ng4 Bxg4 36. hxg4 Qh2+ 37. Kf2 Qf4+ 38. Kg1 Qe3+ 39. Kh1 Qh6+ 40. Kg1 Bh2+ 41. Kf2 Qf4+ 42. Ke2 Qxg4+ 43. Ke3 Bf4+ 44. Kd4 e3 $19)) 34... Qe8 (34... Qg5 $19 35. Bxf8 h5) 35. Rf1 $2 {[%mdl 8192]} (35. Bxf8 $17 {was the only defense.} h5 36. Bc5 hxg4 37. Ra3) 35... Rxf1+ $2 (35... Rf4 $19 {And now ...b6 would win.} 36. Rxf4 Bxf4) 36. Rxf1 $15 {Hoping for Rf8+.} h5 37. Nh6 gxh6 ({Much weaker is} 37... Qe5 $6 38. Rf8+ Kh7 39. Bg8+ Kh8 40. Bd5+ Kh7 41. Bg8+ Kh8 42. Bd5+ $11) 38. Rf8+ {[#]} Qxf8 $1 39. Bxf8 $17 {[%mdl 4096] Endgame [#] KBB-KBB} e3 ({Black should try} 39... b6 $1 $17 40. Bxh6 Be8) 40. Bxh6 $11 e2 {[%cal Re2e1]} 41. Kf2 Bd3 42. Bd2 b5 43. axb5 h4 44. Ke3 Bxb5 {White must now prevent ...Bg3.} 45. Bf3 a6 {...Ba7+ is the strong threat.} 46. Bc3+ Kh7 47. Bxe2 Bxe2 48. Kxe2 {KB-KB} Kg6 49. Kf3 Kf5 50. Be1 Bg3 51. Bc3 Ke6 52. Ke3 Kd5 53. Kd3 Kc5 54. Ba5 Kb5 55. Bd8 Kb4 56. Ke2 (56. Be7+ $11 Kb5 57. Kc3) 56... a5 $15 {Strongly threatening ...a4.} 57. Bxa5+ $2 {[%mdl 8192]} (57. Kd3 $15) 57... Kxa5 {KB-KPP} 58. Kf1 Kb4 (58... Bh2 $2 59. g4 $19) 59. Kg1 Kc3 (59... Kc4 $19 60. Kf1 Kd3 61. Kg1 Ke2 62. Kh1 Ke1 63. Kg1 Bf2+ 64. Kh1 Kf1 65. Kh2 Bg3+ 66. Kh1 Bf4 67. g4 hxg3 68. h4 g2#) 60. Kh1 Kd2 61. Kg1 Ke2 {( -> ...Bf2+)} 62. Kh1 Bd6 63. Kg1 Be5 64. Kh1 Kf2 {Accuracy: White = 63%, Black = 79%.} 0-1

[Event "29th CRO-chT Junior 2020"]
[Site "Cakovec"]
[Date "2020.07.15"]
[Round "3.18"]
[White "Radenic, Filip"]
[Black "Ljubicic, Mario"]
[Result "1-0"]
[WhiteElo "2134"]
[BlackElo "1966"]
[Annotator "TA"]
[PlyCount "77"]
[EventDate "2020.07.14"]
[EventType "team-tourn"]
[EventCountry "CRO"]
[SourceTitle "playchess.com"]
[Source "ChessBase"]
[SourceQuality "1"]

{[%evp 18,77,34,25,22,13,37,-5,3,10,100,102,100,52,56,57,104,100,107,90,106,68,146,126,139,125,122,79,105,54,58,0,147,132,125,91,215,201,212,217,208,193,227,216,256,258,276,262,312,289,337,335,339,338,372,364,345,293,352,350,438,438]} 1. c4 Nf6 2. Nf3 d6 3. d4 g6 4. g3 Bg7 5. Bg2 O-O 6. O-O Nc6 7. Nc3 e5 8. dxe5 dxe5 9. Bg5 Be6 10. Nd2 Qc8 {E62: King's Indian: Fianchetto: 6...c6 and Panno Variation (6...Nc6) without ...a6.} 11. Qa4 Nd7 12. Nd5 Re8 {The position is equal.} 13. Ne4 {[#]} Bxd5 $146 (13... h6 $11 {keeps the balance.} 14. Bf6 Nb6 15. Nxb6 axb6) ({Predecessor:} 13... Nb6 14. Nxb6 axb6 15. Qd1 Kh8 16. b3 f5 17. Nf6 Rf8 18. Nd5 Qd7 19. Qc1 Nd4 {0-1 (45) De Abreu,R (2184)-Valdes Escobar,A (2355) chess.com INT 2020}) 14. cxd5 $16 Nd4 15. Qd1 h6 16. Bd2 Nb5 17. Rc1 Qd8 18. Nc5 Nd6 19. Qb3 Nb6 (19... Nxc5 $14 20. Rxc5 e4) 20. a4 a5 21. Rc2 e4 22. Bf4 Be5 23. Bxh6 (23. Be3 $16) 23... Nf5 $1 $14 {[%cal Rf5d4] [#] Strongly threatening ...Nd4.} 24. Be3 ({Of course not} 24. Nxb7 Qb8 $17) (24. Bxe4 $14 Nd4 25. Qd3 Nxc2 26. Qxc2) 24... Nxe3 (24... Qxd5 $11 {remains equal.} 25. Bg5 Qxb3 26. Nxb3 Nxa4) 25. Qxe3 $16 Nxd5 26. Qc1 Nb4 {A mistake that costs the game.} (26... c6 $16) 27. Rd2 $18 Qf6 28. Nxe4 Qe7 {[#]} 29. Nc5 $1 Rad8 30. Rxd8 Qxd8 31. Nxb7 Qd4 32. b3 Bd6 33. e3 Qb6 34. Nxd6 cxd6 35. Rd1 Re5 36. Qc8+ Kg7 37. Qc3 Kg8 38. h4 Rc5 39. Qf6 {Accuracy: White = 67%, Black = 47%.} 1-0

[Event "29th CRO-chT Junior 2020"]
[Site "Cakovec"]
[Date "2020.07.15"]
[Round "3.19"]
[White "Mijic, Karlo"]
[Black "Troselj, Ivan"]
[Result "0-1"]
[WhiteElo "1729"]
[BlackElo "1857"]
[Annotator "NA RC"]
[PlyCount "78"]
[EventDate "2020.07.14"]
[EventType "team-tourn"]
[EventCountry "CRO"]
[SourceTitle "playchess.com"]
[Source "ChessBase"]
[SourceQuality "1"]
[TimeControl "5400+30"]

{[%evp 12,77,69,43,56,17,35,62,50,74,47,29,40,28,38,30,39,0,99,91,120,122,197,98,101,100,83,47,64,21,61,54,58,37,38,42,34,0,14,7,7,-39,-16,-5,0,0,0,-53,21,-13,0,-25,-47,-31,-65,-77,-57,-463,-525,-495,-500,-722,-746,-29995,-29996,-29996,-29995,-29995]} 1. e4 {[%emt 0:00:30]} c6 {[%emt 0:00:30]} 2. d4 {[%emt 0:00:00]} d5 {[%emt 0:00:00]} 3. e5 {[%emt 0:00:00]} c5 {[%emt 0:00:00]} 4. dxc5 {[%emt 0:00:30]} e6 {[%emt 0:00:00]} 5. Be3 {[%emt 0:00:00]} Nc6 {[%emt 0:02:00]} 6. Nf3 {[%emt 0:00:00] B12: Caro-Kann: Advance Variation.} Qc7 {[%emt 0:08:30]} 7. Bb5 {[%emt 0:05:30]} Bd7 {[%emt 0:01:30]} 8. Bxc6 {[%emt 0:00:30]} Bxc6 {[%emt 0:00:30]} 9. b4 {[%emt 0:01:30]} a5 {[%emt 0:00:30]} 10. c3 {[%emt 0:01:30]} Ne7 {[%emt 0:01:30]} 11. Qd2 {[%emt 0:03:30]} Ng6 {[%emt 0:01:30]} 12. Bd4 {[%emt 0:00:30]} Be7 {[%emt 0:03:30]} 13. O-O {[%emt 0:00:30]} O-O {[%emt 0:00:30] [#]} 14. Qe3 $146 {[%emt 0:01:30]} ({Predecessor:} 14. Re1 Qd7 15. Qb2 Rfb8 16. Nbd2 a4 17. a3 Bb5 18. Qc2 Rc8 19. g3 Qc6 20. Rac1 Bf8 21. Re3 Be7 22. h4 h6 {½-½ (22) Martos Martin,J (1877)-Tarrago Domingo,M (1977) Barcelona 2016}) 14... axb4 {[%emt 0:01:30]} (14... Ra6 $11) 15. cxb4 {[%emt 0:00:30]} Ra4 {[%emt 0:00:30]} 16. a3 {[%emt 0:00:30]} Rfa8 {[%emt 0:00:00] [#]} (16... Raa8 $16 {was necessary.} 17. Nc3 Bd8) 17. Bb2 {[%emt 0:00:30]} (17. Nc3 $1 $18 {and the rest is easy.}) 17... Be8 {[%emt 0:07:00]} 18. Nc3 {[%emt 0:01:30]} R4a6 {[%emt 0:00:30]} 19. Rae1 {[%emt 0:01:30]} b6 {[%emt 0:04:30]} 20. cxb6 {[%emt 0:01:30]} Rxb6 {[%emt 0:01:30]} 21. Rc1 {[%emt 0:05:30]} Rc6 {[%emt 0:00:30]} 22. Nd4 {[%emt 0:05:30]} Rc4 {[%emt 0:01:30]} 23. f4 {[%emt 0:00:30]} Qa7 {[%emt 0:01:30]} 24. Rfd1 {[%emt 0:07:30]} Bd8 {[%emt 0:01:30]} 25. Nce2 {[%emt 0:03:30]} Bb6 {[%emt 0:00:30]} 26. Kf1 {[%emt 0:00:30]} Bb5 {[%emt 0:07:30]} 27. Rxc4 {[%emt 0:07:30]} Bxc4 {[%emt 0:00:30]} 28. g3 {[%emt 0:00:30]} Ne7 {[%emt 0:01:30]} 29. Qd2 {[%emt 0:02:30]} Qa6 {[%emt 0:12:30]} 30. Kg2 {[%emt 0:02:30]} h6 {[%emt 0:15:30]} 31. Nc1 {[%emt 0:04:30]} Rc8 {[%emt 0:02:30]} 32. Ncb3 {[%emt 0:01:30]} Bxb3 {[%emt 0:01:30]} 33. Nxb3 {[%emt 0:00:30]} Nf5 {[%emt 0:00:30]} 34. Re1 $2 {[%emt 0:01:30] [#]} (34. Kh3 $17 {is a better chance.}) 34... Ne3+ $1 {[%emt 0:01:30]} 35. Rxe3 {[%emt 0:01:30]} Bxe3 {[%emt 0:00:00]} 36. Qxe3 {[%emt 0:00:30]} (36. Qd1 $142 Qc4 37. Nd4) 36... Rc2+ {[%emt 0:00:00] Double Attack} 37. Kh3 {[%emt 0:00:30]} Qf1+ {[%emt 0:00:30]} 38. Kg4 {[%emt 0:00:30]} Qd1+ {[%emt 0:00:30] Decoy} 39. Qf3 {[%emt 0:00:30]} h5+ {[%emt 0:00:00]} 0-1

[Event "29th CRO-chT Junior 2020"]
[Site "Cakovec"]
[Date "2020.07.15"]
[Round "3.20"]
[White "Zekic, Patrik"]
[Black "Bedic, Noemi"]
[Result "1/2-1/2"]
[WhiteElo "1699"]
[BlackElo "1712"]
[Annotator "NA RC"]
[PlyCount "133"]
[EventDate "2020.07.14"]
[EventType "team-tourn"]
[EventCountry "CRO"]
[SourceTitle "playchess.com"]
[Source "ChessBase"]
[SourceQuality "1"]
[TimeControl "5400+30"]

1. d4 {[%emt 0:00:30]} Nf6 {[%emt 0:00:30]} 2. c4 {[%emt 0:00:30]} g6 {[%emt 0:00:00]} 3. Nc3 {[%emt 0:00:30]} Bg7 {[%emt 0:00:00]} 4. Nf3 {[%emt 0:00:00]} O-O {[%emt 0:00:00]} 5. e4 {[%emt 0:00:00]} d6 {[%emt 0:00:00]} 6. Be2 {[%emt 0:03:30]} e5 {[%emt 0:00:00]} 7. d5 {[%emt 0:00:30]} a5 {[%emt 0:00:00]} 8. Bg5 {[%emt 0:05:30]} h6 {[%emt 0:00:30]} 9. Be3 {[%emt 0:00:30]} Ng4 {[%emt 0:00:00]} 10. Qd3 {[%emt 0:20:30]} Nxe3 {[%emt 0:03:00]} 11. Qxe3 {[%emt 0:02:30]} Na6 {[%emt 0:05:30]} 12. Bd3 {[%emt 0:08:30]} Nc5 {[%emt 0:09:30]} 13. Bc2 {[%emt 0:02:30]} a4 {[%emt 0:00:30]} 14. Nd2 {[%emt 0:00:30]} f5 {[%emt 0:00:30]} 15. f3 {[%emt 0:01:30]} f4 {[%emt 0:00:30]} 16. Qf2 {[%emt 0:05:30]} Bf6 {[%emt 0:08:30]} 17. h4 {[%emt 0:11:30]} Rf7 {[%emt 0:14:30]} 18. O-O-O {[%emt 0:04:30]} c6 {[%emt 0:06:30]} 19. Rdg1 {[%emt 0:04:30]} Qb6 {[%emt 0:01:30]} 20. Qe2 {[%emt 0:02:30]} a3 {[%emt 0:04:30]} 21. b3 {[%emt 0:00:30]} Bxh4 {[%emt 0:02:30]} 22. Rxh4 {[%emt 0:04:37]} Nxb3+ {[%emt 0:00:00]} 23. Bxb3 {[%emt 0:01:04]} Qxg1+ {[%emt 0:00:00]} 24. Qf1 {[%emt 0:01:01]} Qd4 {[%emt 0:06:30]} 25. Kc2 {[%emt 0:00:30]} Kg7 {[%emt 0:02:30]} 26. Rh1 {[%emt 0:04:40]} cxd5 {[%emt 0:01:30]} 27. exd5 {[%emt 0:02:01]} Bf5+ {[%emt 0:00:30]} 28. Nde4 {[%emt 0:00:13]} b5 {[%emt 0:11:30]} 29. Nxb5 {[%emt 0:03:43]} Bxe4+ {[%emt 0:01:30]} 30. fxe4 {[%emt 0:00:07]} Qxe4+ {[%emt 0:00:00]} 31. Kc3 {[%emt 0:01:05]} Qe3+ {[%emt 0:07:50]} 32. Qd3 {[%emt 0:01:06]} Qc5 {[%emt 0:01:03]} 33. Qh3 {[%emt 0:02:04]} h5 {[%emt 0:00:06]} 34. Qd3 {[%emt 0:01:26]} Re8 {[%emt 0:01:53]} 35. Qe4 {[%emt 0:00:30]} Rb8 {[%emt 0:01:35]} 36. Kd2 {[%emt 0:00:42]} Rf6 {[%emt 0:02:46]} 37. Ke2 {[%emt 0:00:42]} Rbf8 {[%emt 0:00:46]} 38. Bc2 {[%emt 0:00:39]} Rf5 {[%emt 0:01:04]} 39. Rh3 {[%emt 0:01:31]} Rg5 {[%emt 0:00:28]} 40. Rxa3 {[%emt 0:01:54]} f3+ {[%emt 0:01:25]} 41. Rxf3 {[%emt 0:02:58]} Rxg2+ {[%emt 0:00:11]} 42. Kd3 {[%emt 0:00:00]} Rxf3+ {[%emt 0:01:52]} 43. Qxf3 {[%emt 0:00:00]} Rg4 {[%emt 0:00:22]} 44. Ke2 {[%emt 0:01:50]} Qxc4+ {[%emt 0:00:33]} 45. Qd3 {[%emt 0:00:58]} Rg2+ {[%emt 0:01:49]} 46. Kd1 {[%emt 0:00:33]} Rxc2 {[%emt 0:02:28]} 47. Qxc2 {[%emt 0:00:08]} Qxd5+ {[%emt 0:00:08]} 48. Qd2 {[%emt 0:00:26]} Qxb5 {[%emt 0:00:13]} 49. Qxd6 {[%emt 0:00:24]} Qa4+ {[%emt 0:01:15]} 50. Ke1 {[%emt 0:00:30]} Qxa2 {[%emt 0:01:03]} 51. Qxe5+ {[%emt 0:00:17]} Kh7 {[%emt 0:00:00]} 52. Qe7+ {[%emt 0:00:00]} Kg8 {[%emt 0:02:17]} 53. Qe8+ {[%emt 0:00:02]} Kg7 {[%emt 0:00:08]} 54. Qe5+ {[%emt 0:00:07]} Kf8 {[%emt 0:00:49]} 55. Qb8+ {[%emt 0:01:25]} Ke7 {[%emt 0:00:18]} 56. Qc7+ {[%emt 0:00:49]} Ke6 {[%emt 0:00:49]} 57. Qc6+ {[%emt 0:00:27]} Kf5 {[%emt 0:00:17]} 58. Qf3+ {[%emt 0:00:19]} Ke6 {[%emt 0:01:03]} 59. Qe4+ {[%emt 0:00:14]} Kf6 {[%emt 0:00:14]} 60. Qf4+ {[%emt 0:00:15]} Ke7 {[%emt 0:00:12]} 61. Qg5+ {[%emt 0:00:25]} Kf7 {[%emt 0:00:21]} 62. Qf4+ {[%emt 0:00:11]} Ke6 {[%emt 0:00:07]} 63. Qe4+ {[%emt 0:00:15]} Kf6 {[%emt 0:00:15]} 64. Qf4+ {[%emt 0:00:08]} Kg7 {[%emt 0:00:16]} 65. Qe5+ {[%emt 0:00:10]} Kh6 {[%emt 0:00:11]} 66. Qh8+ {[%emt 0:00:36]} Kg5 {[%emt 0:00:07]} 67. Qe5+ {[%emt 0:00:01]} 1/2-1/2